DPH aktuálne online newsletter

Salvato in:
Dettagli Bibliografici
Natura: Periodico
Lingua:slovacco
Pubblicazione: Bratislava Dashöfer
Soggetti:
Tags: Aggiungi Tag
Nessun Tag, puoi essere il primo ad aggiungerne!!

MARC

LEADER 00000nas1a2200000$$$4500
001 0054593
005 20250822082036.6
022 |a 1336-4960 
022 |a 1336-5355 
041 0 |a slo 
044 |a SK 
245 1 0 |a DPH aktuálne  |b online newsletter 
264 1 |a Bratislava  |b Dashöfer 
610 2 0 |a dane